000 00281nam a2200109Ia 4500
008 200302s9999 xx 000 0 und d
100 _aAsheem Srivastav and Others
245 _aEcological Meltdown
260 _bThe Energy and Resources Institute
260 _c2010
300 _a248 .,
999 _c5757
_d5757